| 000 | 00709nam a2200217 a 4500 | ||
|---|---|---|---|
| 005 | 20230422063509.0 | ||
| 008 | 181212s2017 mx r 000 0 spa d | ||
| 020 | _a9786079630379 | ||
| 035 | _aUPN01000228308 | ||
| 049 | _aCG | ||
| 050 | 4 |
_aF1221 M7 _bT5.3 |
|
| 245 | 0 | 0 |
_aTierras y dioses en la mixteca / _ccomp. Reina Ortíz Escamilla. |
| 260 |
_aMéxico : _bUniversidad Tecnólogica de la Mixteca, _cc2017. |
||
| 300 |
_a339 p. : _bmapas, gráfs., il. col. |
||
| 650 | 4 |
_aMIXTECOS - _xANTIGUEDADES _925354 |
|
| 650 | 4 |
_aMIXTECOS - _xRELIGION Y MITOLOGIA _925835 |
|
| 650 | 2 |
_aMixtecos _xVida social y costumbres _98577 |
|
| 700 | 1 |
_aOrtiz Escamilla, Reina, _ecomp. |
|
| 905 | _aLibro | ||
| 999 |
_c200403 _d200403 |
||